Inert gas systems / (Record no. 1711)

000 -LEADER
fixed length control field 00454nam a22001457a 4500
008 - FIXED-LENGTH DATA ELEMENTS--GENERAL INFORMATION
fixed length control field 200131b ||||| |||| 00| 0 eng d
020 ## - INTERNATIONAL STANDARD BOOK NUMBER
International Standard Book Number 9280112627
082 00 - DEWEY DECIMAL CLASSIFICATION NUMBER
Classification number 623.82450289
Item number I339
100 ## - MAIN ENTRY--PERSONAL NAME
9 (RLIN) 75
Personal name International Maritime Organization
245 10 - TITLE STATEMENT
Title Inert gas systems /
260 ## - PUBLICATION, DISTRIBUTION, ETC. (IMPRINT)
Place of publication, distribution, etc London:
Name of publisher, distributor, etc International Maritime Organization,
Date of publication, distribution, etc 1990.
300 ## - PHYSICAL DESCRIPTION
Extent v, 88 p.
650 #0 - SUBJECT ADDED ENTRY--TOPICAL TERM
Topical term or geographic name as entry element Tankers
General subdivision Safety measures
942 ## - ADDED ENTRY ELEMENTS (KOHA)
Item type Books
Holdings
Withdrawn status Lost status Source of classification or shelving scheme Damaged status Not for loan Permanent location Current location Date acquired Source of acquisition Full call number Barcode Date last seen Cost, replacement price Koha item type
          IMU Kolkata IMU Kolkata 1998-12-01 Jyoti, the Book People 623.82450289 I339 08979 2020-01-31 723.00 Books
Designed and Maintained by IMU-KC Library, Kolkata Campus © Copyright All Rights Reserved

webs counters

Powered by Koha